Objective English for competitive examinations / (Record no. 12081)
[ view plain ]
| 000 -LEADER | |
|---|---|
| fixed length control field | 00660nam a22002417a 4500 |
| 001 - CONTROL NUMBER | |
| JCCL Control Number | 12081 |
| 003 - CONTROL NUMBER IDENTIFIER | |
| JCCL marc code | BD-JhCC |
| 005 - DATE AND TIME OF LATEST TRANSACTION | |
| control field | 20210314093915.0 |
| 008 - FIXED-LENGTH DATA ELEMENTS--GENERAL INFORMATION | |
| fixed length control field | 210314s20162017nyu |||| |||| 000 0 eng d |
| 020 ## - INTERNATIONAL STANDARD BOOK NUMBER | |
| International Standard Book Number | 9789332547070 |
| 035 ## - SYSTEM CONTROL NUMBER | |
| system control number | (BD-JhCC)12081 |
| 040 ## - CATALOGING SOURCE | |
| Original cataloging agency | BD-JhCC |
| Modifying agency | BD-JhCC |
| 041 ## - LANGUAGE CODE | |
| Language code of Book | eng |
| 082 ## - DEWEY DECIMAL CLASSIFICATION NUMBER | |
| Classification number | 428.076 |
| Author mark and Year | THO 2017 |
| 100 ## - MAIN ENTRY--PERSONAL NAME | |
| Personal name | Thorpe, Edgar |
| 245 ## - TITLE STATEMENT | |
| Title | Objective English for competitive examinations / |
| Statement of responsibility, etc | Edgar Thorpe and Showick Thorpe |
| 250 ## - EDITION STATEMENT | |
| Edition statement | 6th ed. |
| 260 ## - PUBLICATION, DISTRIBUTION, ETC. (IMPRINT) | |
| Place of publication, distribution, etc | London : |
| Name of publisher, distributor, etc | Pearson, |
| Date of publication, distribution, etc | 2017. |
| 300 ## - PHYSICAL DESCRIPTION | |
| Pagination | xix, various pages. |
| Dimensions | 25 cm. |
| 650 ## - SUBJECT ADDED ENTRY--TOPICAL TERM | |
| Topical term or geographic name as entry element | English language--Grammar |
| 700 ## - ADDED ENTRY--PERSONAL NAME | |
| Personal name | Thorpe, Showick |
| 942 ## - ADDED ENTRY ELEMENTS (KOHA) | |
| Source of classification or shelving scheme | Dewey Decimal Classification |
| Koha item type | Books |
| Source of classification or shelving scheme | Damaged status | Not for loan | Home library | Current library | Shelving location | Date of accession | Cost, normal purchase price | Total Checkouts | Full call number | Barcode | Date last seen | Copy number | Koha item type |
|---|---|---|---|---|---|---|---|---|---|---|---|---|---|
| Dewey Decimal Classification | JCC Rouf Library | JCC Rouf Library | General Stacks | 03/13/2021 | 1018.00 | 428.076 THO 2017 | 16176 | 03/14/2021 | C-1 | Books |